000 00293nam a22001217a 4500
008 180730b xxu||||| |||| 00| 0 eng d
082 _a813.52
245 _aEssentials of Interactive Physiology
_bCummings,B
260 _c2012
300 _a1
_fCD
440 _x9780321696076
942 _2ddc
_cMX
999 _c46654
_d46654